| 000 | 01880nam a2200313 a 4500 | ||
|---|---|---|---|
| 003 | AM-YEHGA | ||
| 005 | 20250617164818.0 | ||
| 008 | 210517s1962 ru a||||r|||||001|0|rus|| | ||
| 040 | _aAM-YeHGA | ||
| 041 | 0 | _arus | |
| 100 | 1 | _aГершгал, Давид Абрамович | |
| 245 | 1 | 0 |
_aПрименение ультразвука в горной промышленности / _cД.А. Гершгал, Ю.А. Селищев ; Гос. ком. Совета Министров СССР по топливной пром-сти ; Центр. ин-т информации и техн.-экон. исследований угольной пром-сти. |
| 260 |
_aМосква : _bБ. и., _c1962. |
||
| 300 |
_a40 с. : _bил. ; _c21 см. |
||
| 490 | 0 | _aСерия "Механизация и автоматизация добычи и обогащения угля и горное оборудование" | |
| 504 | _aБиблиогр.: с. 40 | ||
| 650 | 1 | 4 | _aТехнические науки |
| 650 | 1 | 4 | _aГорное дело |
| 650 | 1 | 4 | _aГорные работы |
| 650 | 1 | 4 | _aГорная промышленность |
| 653 | 0 | _aКонтрольно-измерительные инструменты и приборы в горной промышленности, ультразвуковые | |
| 653 | 0 | _aУльтразвук - Применение в горном деле | |
| 700 | 1 | _aСелищев, Юрий Анатольевич | |
| 710 | 2 | _aГосударственный комитет Совета Министров СССР по топливной промышленности | |
| 710 | 2 | _aЦентральный институт информации и технико-экономических исследований угольной промышленности | |
| 942 |
_2udc _cBK |
||
| 001 | 1769187 | ||
| 090 | _c568412 | ||
| 999 |
_c529925 _d529925 |
||